Statistiques concernant Pays les plus proches de Bahreïn - sprint d'une minute

Cliquez ici pour prendre le quiz!

Statistiques générales

  • Ce quiz a été pris 80 fois
  • Le résultat moyen est 14 sur 20

Statistiques - réponses

kmpays% Correct
0Arabie Saoudite
97%
509Oman
97%
1Qatar
97%
771Yémen
97%
191Iran
94%
448Irak
92%
158Émirats
arabes unis
90%
322Koweït
90%
1269Jordanie
87%
1283Syrie
87%
1077Afghanistan
71%
1449Égypte
69%
1088Pakistan
68%
1325Turquie
56%
1356Azerbaïdjan
50%
1447Arménie
47%
1513Somalie
47%
1264Turkménistan
40%
1513Érythrée
35%
1449Soudan
27%

Distribution des résultats

Percentile par nombre de réponses

% des personnes avec chaque résultat

Votre développement - résultats

Vous n’avez pas pris ce quiz